Les Col du Tour de France le plus souvent franchis - Statistiques

Statistiques générales
  • Ce quiz a été pris 138 fois
  • Le résultat moyen est 5 sur 15
Statistiques - réponses
Nombre de fois franchis Nom du col % Correct
59 fois col du Tourmalet
92%
37 fois col du Galibier
73%
54 fois col d'Aspin
53%
51 fois col de Peyresourde
38%
49 fois col d'Aubisque
35%
27 fois col de la Madeleine
34%
26 fois col d'Izoard
27%
55 fois col du Soulor
24%
36 fois col du Télégraphe
24%
27 fois col du Lautare
23%
32 fois l'Alpe d'Huez
21%
22 fois col de Vars
18%
33 fois col du Portet-d'Aspet
15%
23 fois col de la Colombière
14%
27 fois col des Ares
0%
Aucun quiz correspondant
Distribution des résultats
% des personnes avec chaque résultat
Percentile par nombre de réponses
Votre historique - résultats
Vous n’avez pas pris ce quiz